Building Repairs / (Record no. 183749)
[ view plain ]
| 000 -LEADER | |
|---|---|
| fixed length control field | 00861 a2200157 4500 |
| 003 - CONTROL NUMBER IDENTIFIER | |
| control field | Nust |
| 005 - DATE AND TIME OF LATEST TRANSACTION | |
| control field | 20230320112954.0 |
| 040 ## - CATALOGING SOURCE | |
| Transcribing agency | Nust |
| 082 ## - DEWEY DECIMAL CLASSIFICATION NUMBER | |
| Classification number | 624,BUI |
| 245 ## - TITLE STATEMENT | |
| Title | Building Repairs / |
| Statement of responsibility, etc. | R. Greenhalgh |
| 260 ## - PUBLICATION, DISTRIBUTION, ETC. | |
| Place of publication, distribution, etc. | London |
| Name of publisher, distributor, etc. | Odhams press |
| Date of publication, distribution, etc. | 1945 |
| 300 ## - PHYSICAL DESCRIPTION | |
| Extent | 384p |
| 505 ## - FORMATTED CONTENTS NOTE | |
| Formatted contents note | Wall Building and Repairs (Page-1), Roof Work (Page-36), Floor Construction and Repair (Page-66), Joinery Repair Work (Page-91), Fastening (Page-138), Plumbing and Glazing (Page-154), Flues and Fires (Page-183), Drainage (Page-198), Gas and Electricity (Page-211), Painting and Decorating (Page-238), Fences, Gates and Railings (Page-260), Concrete Work (Page-269), Specifications and Costing (Page-279), Plant, Equipment an Stock (Page-308), Building Maintenance (Page-320), Materials (Page-349), Building Laws (Page-365). |
| 650 ## - SUBJECT ADDED ENTRY--TOPICAL TERM | |
| Topical term or geographic name entry element | House construction |
| 942 ## - ADDED ENTRY ELEMENTS (KOHA) | |
| Source of classification or shelving scheme | |
| Koha item type | Book |
| Withdrawn status | Lost status | Source of classification or shelving scheme | Damaged status | Not for loan | Permanent Location | Current Location | Shelving location | Date acquired | Full call number | Barcode | Date last seen | Price effective from | Koha item type | Public note |
|---|---|---|---|---|---|---|---|---|---|---|---|---|---|---|
| Military College of Signals (MCS) | Military College of Signals (MCS) | General Stacks | 12/12/2016 | 624,BUI | MCS29790 | 12/08/2016 | 12/12/2016 | Book | Almirah No.74, Shelf No.6 |
